000 02031nam a22002657a 4500
001 54229
003 UA-OsUOA
005 20260306105113.0
007 ta
008 20080530b un ||||| |||| 00| 0 ukr d
020 _a9789665184430
040 _aUA-OsUOA
_bukr
_cUA-OsUOA
_dUA-OsUOA
041 _aukr
080 _a821.161.2-94
090 _a821.161.2-94
_bП36
100 _aПідгайний С.
_924305
245 _aУкраїнська інтелігенція на Соловках. Недостріляні
_cСемен Підгайний
260 _aК.
_bКМА
_c2008
300 _a326 с.
520 _aСемен Підгайний (1907–1965) — відомий публіцист, історик, громадсько-політичний діяч української діяспори. Колишній в'язень соловецьких концтаборів, у боротьбі проти геноциду рідного народу він був сподвижником Івана Багряного, одним з організаторів УРДП. До книжки ввійшли його твори "Українська інтеліґенція на Соловках" та "Недостріляні" (у двох частинах). Написані правдиво й майстерно, ці твори викривають злочинну політику кремлівських авантюристів у побудові "комуністичного раю", що обернулося справжнім пеклом для багатьох націй. У книзі подано імена й прізвища реальних людей, котрі загинули від рук узурпаторів. Видання розраховане на широке коло читачів.
650 7 _a821.161.2 Українська література
_2UDC
_941
942 _cBK
_2udc
955 _a3
999 _c340317
_d340317